000 01228naa a22003377a 4500
001 BR8005681
003 BR-BrBNA
005 20240918174651.0
007 ta
008 230509b bl.||||| |||| 00| 0 por d
040 _aBR-BrBNA
_bpor
_cBiblioteca Nacional de Agricultura
041 _a(Pt)
072 _aF00
_b0170
_b1940
_bG514
090 _aF00 BR8005681
100 1 _aCarmo, C.M. do
100 1 _aAlves, J.F.
100 1 _aSantos, J.H.R. dos
245 1 _aEstudos da densidade e espacamento em sorgo granifero e forrageiro, Sorghum bicolor (L.)Moench, no Estado do Ceara [Brasil]
260 3 _aFortaleza, CE (Brasil):
_c1980.
500 _aAvaliacao das pesquisas realizadas com a cultura do sorgo, no Estado do Ceara 1975-1978 Fortaleza, CE (Brasil): 1980. p. 79-103 (BR8005681-AM)F00
650 _aSORGO GRANIFERO
650 _aSORGO FORRAGEIRO
650 _aESPACAMENTO
650 _aSEMENTE
650 _aDENSIDADE DE PLANTIO
650 _aRENDIMENTO
650 _aCEARA
773 0 _tAvaliacao das pesquisas realizadas com a cultura do sorgo, no Estado do Ceara 1975-1978
_wF00 BR8005681
_gFortaleza, CE (Brasil), 1980. p. 79-103
909 _a202404
_bLucia
_c55
_dLucia Elande
942 _cAM
_2AGRIS
999 _c312722
_d312722